Представление документа в формате RUSMARC

Поле Инд. ПП Название Значение
Тип записи a
Библиографический уровень a
001 Контрольный номер 321a3a0c318b487483ccbb11f8eb92da
005 Дата корректировки 20181127102439.6
100 a Данные общей обработки 20181127 ||| 0rusy0189 ca
101 0_ a Язык текста rus
102 a Страна публикации RU
200 1_ f Первые сведения об ответственности Д.Н. Кархалев
a Заглавие Последствия неисполнения обязательства в натуре
b Общее обозначение материала Текст
210 1_ d Дата издания 2017
461 _0 1 2000
a Арбитражный и гражданский процесс
463 _0 1 2000
a № 2
v С. 47-52
1 2101
d 2017
1 00132d9d2173de54ca7b61135d0407eaa8e
606 a Основная рубрика Гражданское и торговое право
610 0_ a Ключевые слова ЗАЩИТА ГРАЖДАНСКИХ ПРАВ
a Ключевые слова ГРАЖДАНСКО-ПРАВОВАЯ ОТВЕТСТВЕННОСТЬ
a Ключевые слова ИСПОЛНЕНИЕ ОБЯЗАТЕЛЬСТВ
700 _1 a Фамилия Кархалев
b Имя Д.Н.
801 _0 a Страна RU
b Организация РГУП
c Дата составления 20181127
g Правила каталогизации PSBO
801 _1 a Страна RU
b Организация РГУП
c Дата составления 20181127
g Правила каталогизации PSBO
901 t Тип документа b
w Контрольный № источника 32d9d2173de54ca7b61135d0407eaa8e
905 a Дата ввода 20181127